| 000 | 00455nam a2200181Ia 4500 | ||
|---|---|---|---|
| 003 | GCL | ||
| 008 | 140319s9999 xx 000 0 ara d | ||
| 040 |
_aGCL / _cGCL |
||
| 082 | 0 | 4 |
_a808.4 _bا ر |
| 100 | 1 | _aاحمد حسين | |
| 245 | 1 | 0 |
_aرسائل / _cاحمد حسين |
| 300 | _a90 ص | ||
| 490 |
_a100 قصة _v0 |
||
| 650 | 0 | 4 | _aالسياسة |
| 650 | 0 | 4 | _aالادب - مقالات |
| 650 | 0 | 4 | _aالادب السياسى |
| 942 |
_2ddc _cBK |
||
| 999 |
_c45042 _d45042 |
||